|
|
|
|
| LEADER |
00000nam a2200000Ii 4500 |
| 001 |
DIGUCANT0188 |
| 003 |
NyNyDIG |
| 006 |
m o d |
| 007 |
cr ||||||||||| |
| 008 |
241208s2016 sp a ob 000 0 spa d |
| 035 |
|
|
|a (OCoLC)1479208269
|
| 040 |
|
|
|a DGITA
|b eng
|e rda
|e pn
|c DGITA
|
| 020 |
|
|
|a 9788419024756
|q (pdf)
|
| 020 |
|
|
|z 9788481027938
|q (rústica)
|
| 050 |
1 |
4 |
|a QA465 ebook
|
| 100 |
1 |
|
|a Etayo, Fernando,
|e author.
|
| 245 |
1 |
0 |
|a Tomando medidas :
|b aproximación matemática a la idea de medir /
|c Fernando Etayo Gordejuela.
|
| 264 |
|
1 |
|a Santander :
|b Ediciones Universidad Cantabria,
|c [2016]
|
| 300 |
|
|
|a 1 online resource :
|b illustrations.
|
| 336 |
|
|
|a text
|b txt
|2 rdacontent
|
| 337 |
|
|
|a computer
|b c
|2 rdamedia
|
| 338 |
|
|
|a online resource
|b cr
|2 rdacarrier
|
| 347 |
|
|
|a text file
|2 rdaft
|
| 347 |
|
|
|b PDF
|
| 490 |
1 |
|
|a Me gusta... ;
|v 7
|
| 490 |
1 |
|
|a Colección Difunde ;
|v 227
|
| 504 |
|
|
|a Includes bibliographical references.
|
| 588 |
0 |
|
|a Online resource; title from PDF title page (Digitalia, viewed December 8, 2024)
|
| 650 |
|
0 |
|a Measurement.
|
| 776 |
0 |
8 |
|i Print version:
|a Etayo, Fernando.
|t Tomando medidas.
|d Santander : Ediciones Universidad Cantabria, [2016]
|z 9788481027938
|
| 791 |
2 |
|
|a Digitalia (Firm),
|e distributor.
|
| 793 |
0 |
|
|g Digitalia eBook Collection:
|a Universidad de Cantabria
|
| 830 |
|
0 |
|a Me gusta... (Editorial Universidad de Cantabria) ;
|v 7.
|
| 830 |
|
0 |
|a Colección Difunde ;
|v 227.
|
| 856 |
4 |
0 |
|3 Digitalia Hispánica
|u https://www.digitaliapublishing.com/a/159289/
|
| 910 |
|
|
|a Premium collection: 2024
|